La natura intermedia di Eros (Record no. 860128)
[ view plain ]
| 000 -CABECERA | |
|---|---|
| Campo de control de longitud fija | 00507nab a2200145 4500 |
| 003 - IDENTIFICADOR DEL NÚMERO DE CONTROL | |
| Campo de control | ES-SlBCS |
| 005 - FECHA Y HORA DE LA ÚLTIMA TRANSACCIÓN | |
| Campo de control | 20220929181033.0 |
| 008 - CÓDIGOS DE INFORMACIÓN DE LONGITUD FIJA | |
| Campo de control de longitud fija | 170113s2016 it ||||| |||| 00| 0 ita d |
| 040 ## - FUENTE DE LA CATALOGACIÓN | |
| Centro catalogador del origen | ES-SlBCS |
| Lengua de catalogación | spa |
| 100 1# - PUNTO DE ACCESO PRINCIPAL-NOMBRE DE PERSONA | |
| Nombre de persona | Palpacelli, Lucia |
| 9 (RLIN) | 198017 |
| 245 13 - MENCIÓN DE TÍTULO | |
| Título | La natura intermedia di Eros |
| Resto del título | : Pausania e Aristofane a confronto con Socrate |
| Mención de responsabilidad, etc. | Lucia Palpacelli |
| 650 00 - PUNTO DE ACCESO ADICIONAL DE MATERIA-TÉRMINO DE MATERIA | |
| Término de materia o nombre geográfico como elemento inicial | Eros |
| 9 (RLIN) | 138860 |
| 773 0# - ENLACE AL DOCUMENTO FUENTE | |
| Parte(s) relacionada(s) | Vol. 108, Nº 3, 2016, págs. 695-705 |
| Título | Rivista di Filosofia Neo-Scolastica |
| Número de control del registro relacionado | Rev392 |
| Número Internacional Normalizado para Publicaciones Seriadas (ISSN) | 0035-6247 |
| 942 ## - ENTRADA DE ELEMENTOS AGREGADOS (KOHA) | |
| Fuente de clasificaión o esquema | |
| Koha [por defecto] tipo de item | Artículos de revista |
| Suprimido | Perdido | Fuente de clasificación o esquema | Estropeado | No para préstamo | Localización permanente | Localización actual | Localización en estantería | Fecha adquisición | Préstamos totales | Fecha última consulta | Fecha del precio de reemplazo | Tipo de item de Koha |
|---|---|---|---|---|---|---|---|---|---|---|---|---|
| San Esteban | San Esteban | Depósito de revistas | 13/01/2017 | 13/01/2017 | 13/01/2017 | Artículos de revista |
